| 000 | 01660cam a2200325 a 4500 | ||
|---|---|---|---|
| 001 | 14588004 | ||
| 003 | ARRUPE | ||
| 005 | 20150907143441.0 | ||
| 008 | 061010s2007 vauabf b s001 0 eng | ||
| 010 | _a 2006033613 | ||
| 020 | _a9780813926247 (cloth : alk. paper) | ||
| 020 | _a0813926246 (cloth : alk. paper) | ||
| 035 | _a(OCoLC)ocm72988464 | ||
| 035 | _a(OCoLC)72988464 | ||
| 040 |
_aDLC _cDLC _dBAKER _dBTCTA _dC#P _dYDXCP _dDLC |
||
| 043 | _af-za--- | ||
| 050 | 0 | 0 |
_aDT3058.N44 _bP74 2007 |
| 082 | 0 | 0 |
_a305.896/393 _222 |
| 100 | 1 |
_aPritchett, James Anthony. _918930 |
|
| 245 | 1 | 0 |
_aFriends for life, friends for death : _bcohorts and consciousness among the Lunda-Ndembu / _cJames A. Pritchett. |
| 260 |
_aCharlottesville : _bUniversity of Virginia Press, _c2007. |
||
| 300 |
_axii, 266 p., [7] p. of plates : _bill., maps ; _c25 cm. |
||
| 504 | _aIncludes bibliographical references (p. 253-260) and index. | ||
| 505 | 0 | _aIntroduction -- Tales of the Ankaka : Muzungu, missions, and border commissions (1906-1924) -- The world of Ataata : insects, and (in)animate objects (1924-1948) -- Coming of age at St. Kizito -- Harry Franklin's saucepan special -- The federation -- Voices from across the border : Lunda in the Congo crisis -- The emergence of a new nation-state -- Living on the edge (of the IMF leash) -- Conclusion. | |
| 650 | 0 |
_aNdembu (African people) _918931 |
|
| 650 | 0 |
_aMale friendship _zZambia. _918932 |
|
| 906 |
_a7 _bcbc _corignew _d1 _eecip _f20 _gy-gencatlg |
||
| 942 |
_2lcc _cMONOGRAPH |
||
| 999 |
_c123139 _d123139 |
||